000 00518nam a2200229Ia 4500
008 170918s9999 xx 000 0 und d
020 _a9789810919221
050 _bS795 2015
100 _aWatson, Jude
245 _aJedi quest :
245 _bthe dangerous games /
245 _cby Jude Watson.
260 _aNew York :
260 _bScholastic,
260 _c2015
300 _a169 pages :
300 _billustrations ;
300 _c19cm.
300 _eStar wars ;
440 _a3
500 _a630
999 _c344297
_d344297